Statistics for Solve the Secret U.S. State

Click here to take the quiz!

General Stats

  • This quiz has been taken 1,592 times
  • The average score is 17 of 21

Answer Stats

Fake ScrambleReal ScrambleState% Correct
AEGNOORADHIOIdaho
100%
AAAKNRSSEGNOOROregon
92%
AAMNNOTAAAKNRSSArkansas
91%
EEEENNSSTAADHKNOORTTNorth Dakota
90%
AAHKLMOOAAHIIWHawaii
88%
EAAHIIWHIOOOhio
88%
HIOOEEEENNSSTTennessee
88%
EMNORTVAAHKLMOOOklahoma
85%
EKN ORWYAAMNNOTMontana
84%
AAAINROZEKN ORWYNew York
82%
EEE JNRSWYEMNORTVVermont
82%
AEIMNNOSTAAINROZArizona
81%
NADFILOREEE JNRSWYNew Jersey
81%
AAEILNNNPSVYADFILORFlorida
80%
CEKKNTUYAAEILNNPSVYPennsylvania
78%
VCEKKNTUYCEKKNTUYKentucky
77%
AADEELRWAEIMNNOSTMinnesota
77%
AEIMNAADEELRWDelaware
73%
DAAKNSSAEIMNMaine
72%
AADHKNOORTTAAKNSSKansas
71%
AADENVAADENVNEVADA
69%

Score Distribution

Percentile by Number Answered

Percent of People with Each Score

Your Score History

You have not taken this quiz